[Event "Santiago de Compostela Bicapawn GP B2"]
[Site "Santiago de Compostela"]
[Date "2022.10.20"]
[Round "5"]
[White "Bouza Brey Teijeiro, Gonzalo"]
[Black "Fernandez Guillen, Ernesto J"]
[Result "1-0"]
[WhiteElo "1850"]
[BlackElo "2441"]
[PlyCount "57"]
[EventDate "2022.10.20"]
[EventType "swiss (blitz)"]
[EventRounds "9"]
[EventCountry "ESP"]
[SourceTitle "CBM 210 Extra"]
[Source "ChessBase"]
[SourceDate "2022.11.30"]
[SourceVersion "1"]
[SourceVersionDate "2022.11.30"]
[SourceQuality "1"]

1. d4 Nf6 2. Nf3 d5 3. Bf4 Bf5 4. e3 e6 5. c4 c6 6. Qb3 b6 7. Nc3 Bd6 8. Ne5 Nh5 9. g4 Nxf4 10. gxf5 dxc4 11. Bxc4 Bxe5 12. dxe5 Nd5 13. fxe6 fxe6 14. 0-0-0 0-0 15. f4 Qe7 16. Nxd5 cxd5 17. Bd3 Nd7 18. Kb1 Nc5 19. Qc2 h6 20. Bg6 Rac8 21. Rhg1 Ne4 22. Qg2 Nc5 23. Bc2 Qf7 24. Qh3 Kh8 25. Rg6 Ne4 26. Rdg1 Rc7 27. Rxh6+ gxh6 28. Qxh6+ Qh7 29. Qxf8+ 1-0

[Event "Santiago de Compostela Bicapawn GP B2"]
[Site "Santiago de Compostela"]
[Date "2022.10.20"]
[Round "4"]
[White "Bouza Brey Teijeiro, Gonzalo"]
[Black "Sosa, Tomas"]
[Result "1-0"]
[WhiteElo "1850"]
[BlackElo "2548"]
[PlyCount "30"]
[EventDate "2022.10.20"]
[EventType "swiss (blitz)"]
[EventRounds "9"]
[EventCountry "ESP"]
[SourceTitle "CBM 210 Extra"]
[Source "ChessBase"]
[SourceDate "2022.11.30"]
[SourceVersion "1"]
[SourceVersionDate "2022.11.30"]
[SourceQuality "1"]

1. d4 d5 2. c4 e6 3. Nc3 Nf6 4. Bg5 c6 5. e3 Nbd7 6. Nf3 h6 7. Bh4 Bd6 8. Qc2 Qe7 9. Be2 dxc4 10. Bxc4 e5 11. 0-0 g5 12. Bg3 0-0 13. Qg6+ Kh8 14. Qxh6+ Nh7 15. Ne4 f6 1-0

[Event "Santiago de Compostela Bicapawn GP B3"]
[Site "Santiago de Compostela"]
[Date "2022.10.20"]
[Round "1"]
[White "Munoz Pantoja, Miguel Angel"]
[Black "Bouza Brey Teijeiro, Gonzalo"]
[Result "1-0"]
[WhiteElo "2367"]
[BlackElo "1850"]
[PlyCount "35"]
[EventDate "2022.10.20"]
[EventType "swiss (blitz)"]
[EventRounds "9"]
[EventCountry "ESP"]
[SourceTitle "CBM 210 Extra"]
[Source "ChessBase"]
[SourceDate "2022.11.30"]
[SourceVersion "1"]
[SourceVersionDate "2022.11.30"]
[SourceQuality "1"]

1. e4 e5 2. d4 exd4 3. Qxd4 Nc6 4. Qe3 g6 5. Nc3 Bg7 6. b3 Nge7 7. Bb2 0-0 8. 0-0-0 a5 9. h4 d5 10. Nxd5 Bxb2+ 11. Kxb2 Nxd5 12. exd5 Nb4 13. c3 Nc6 14. h5 a4 15. hxg6 fxg6 16. dxc6 Qxd1 17. Bc4+ Kg7 18. Qe7+ 1-0

[Event "Sanxenxo Carlos op 11th"]
[Site "Sanxenxo"]
[Date "2019.06.28"]
[Round "7"]
[White "Bouza Brey Teijeiro, Gonzalo"]
[Black "Villar Perez, Samuel"]
[Result "0-1"]
[WhiteElo "1897"]
[BlackElo "2179"]
[PlyCount "118"]
[EventDate "2019.06.22"]
[EventType "swiss"]
[EventRounds "9"]
[EventCountry "ESP"]
[SourceTitle "CBM 191 Extra"]
[Source "ChessBase"]
[SourceDate "2019.09.30"]
[SourceVersion "1"]
[SourceVersionDate "2019.09.30"]
[SourceQuality "1"]

1. e4 c5 2. Nf3 d6 3. d4 cxd4 4. Nxd4 Nf6 5. Nc3 a6 6. Bg5 e6 7. f4 h6 8. Bh4 Qb6 9. a3 Be7 10. Bf2 Qc7 11. Qf3 b5 12. e5 Bb7 13. Qg3 dxe5 14. fxe5 Nh5 15. Nxe6 fxe6 16. Qg6+ Kf8 17. Qxh5 Bg5 18. Bg3 Qc5 19. Rd1 Nc6 20. Be2 Nd8 21. Rf1+ Ke7 22. Qg6 Rg8 23. Rd6 Rf8 24. Qxg7+ Rf7 25. Rxf7+ Nxf7 26. Rd7+ Kxd7 27. Qxf7+ Qe7 28. Qf2 Kc7 29. h4 Rf8 30. Qd4 Rd8 31. Qd6+ Kc8 32. Qxe7 Bxe7 33. Bg4 Kd7 34. Bh3 Rg8 35. Ne2 Bd5 36. b4 a5 37. c3 axb4 38. axb4 Ra8 39. Nf4 Bc4 40. Ng6 Bd8 41. Bf4 h5 42. g4 Ke8 43. gxh5 Kf7 44. Bg2 Ra2 45. Bc6 Bb6 46. h6 Re2+ 47. Kd1 Kxg6 48. Be8+ Kh7 49. h5 Be3 50. Bg6+ Kh8 51. Bg3 Bxh6 52. Bh4 Kg8 53. Bf6 Rf2 54. Be7 Rh2 55. Bc5 Be2+ 56. Ke1 Bxh5 57. Bd3 Bd2+ 58. Kf1 Bxc3 59. Bxb5 Bxb4 0-1

[Event "Sanxenxo Carlos op 7th"]
[Site "Sanxenxo"]
[Date "2015.06.20"]
[Round "1"]
[White "Strikovic, Aleksa"]
[Black "Bouza Brey Teijeiro, Gonzalo"]
[Result "1-0"]
[WhiteElo "2506"]
[BlackElo "1965"]
[PlyCount "63"]
[EventDate "2015.06.20"]
[EventType "swiss"]
[EventRounds "9"]
[EventCountry "ESP"]
[SourceTitle "CBM 167 Extra"]
[Source "ChessBase"]
[SourceDate "2015.09.14"]
[SourceVersion "1"]
[SourceVersionDate "2015.09.14"]
[SourceQuality "1"]

1. c4 g6 2. d4 Nf6 3. Nc3 Bg7 4. g3 d6 5. Nf3 0-0 6. Bg2 Nbd7 7. 0-0 e5 8. e4 exd4 9. Nxd4 Re8 10. h3 a6 11. Be3 Rb8 12. a4 Ne5 13. b3 c5 14. Nde2 Nc6 15. Qd2 Na5 16. Rab1 b5 17. axb5 axb5 18. cxb5 Be6 19. Qc2 Bd7 20. Rfd1 Qc8 21. Nf4 g5 22. Nfd5 Nxd5 23. Nxd5 h6 24. b4 Nb7 25. Nb6 Qc7 26. Nxd7 Qxd7 27. bxc5 Rec8 28. c6 Qe7 29. Qd2 Nd8 30. Qd5 Be5 31. Rdc1 Ne6 32. b6 1-0

[Event "Mondariz op 9th"]
[Site "Mondariz Balneario"]
[Date "2011.08.26"]
[Round "5.17"]
[White "Villavicencio Sanchez, Pedro"]
[Black "Bouza Brey Teijeiro, Gonzalo"]
[Result "0-1"]
[WhiteElo "1600"]
[BlackElo "1877"]
[PlyCount "40"]
[EventDate "2011.08.22"]
[EventType "swiss"]
[EventRounds "7"]
[EventCountry "ESP"]
[SourceTitle "EXT 2024"]
[Source "ChessBase"]
[SourceDate "2023.10.10"]
[SourceVersion "1"]
[SourceVersionDate "2023.10.10"]
[SourceQuality "1"]

1. e4 Nf6 2. e5 Nd5 3. c4 Nb6 4. d4 d6 5. exd6 cxd6 6. Nf3 g6 7. b3 Bg7 8. Bb2 Nc6 9. Qc2 Bf5 10. Bd3 Nb4 11. Qd2 Nxd3+ 12. Kf1 Nxb2 13. Qxb2 Nd7 14. h4 Qb6 15. h5 Bg4 16. hxg6 Bxf3 17. gxf7+ Kxf7 18. Qc2 Qxd4 19. Rxh7 Rxh7 20. Qxh7 Qd1# 0-1

[Event "Cambados op 24th"]
[Site "Cambados"]
[Date "2008.08.07"]
[Round "7"]
[White "Bouza Brey Teijeiro, Gonzalo"]
[Black "Torres Dominguez, David"]
[Result "0-1"]
[WhiteElo "1904"]
[BlackElo "2134"]
[PlyCount "66"]
[EventDate "2008.08.01"]
[EventType "swiss"]
[EventRounds "9"]
[EventCountry "ESP"]
[SourceTitle "CBM 125 Extra"]
[Source "ChessBase"]
[SourceDate "2008.09.01"]
[SourceVersion "1"]
[SourceVersionDate "2008.09.01"]
[SourceQuality "1"]

1. e4 e5 2. Nf3 Nc6 3. Bc4 Bc5 4. c3 Nf6 5. d4 exd4 6. cxd4 Bb4+ 7. Nc3 Nxe4 8. 0-0 Bxc3 9. d5 Bf6 10. Re1 Ne7 11. Rxe4 d6 12. Bg5 Bxg5 13. Nxg5 h6 14. Qe2 hxg5 15. Re1 Be6 16. dxe6 f5 17. Re3 g4 18. h3 d5 19. Bb5+ c6 20. Bd3 Qd6 21. Re5 gxh3 22. Bxf5 hxg2 23. Qg4 0-0-0 24. f4 Rh1+ 25. Kxg2 Rxe1 26. Rxe1 Qb4 27. Re2 Rf8 28. a3 Qd4 29. Re5 Rxf5 30. Qxg7 Rxf4 31. Qxe7 Rf2+ 32. Kh3 Rf3+ 33. Kg2 Qf2+ 0-1

[Event "Pedrido Memorial"]
[Site "Vilagarcia de Arousa"]
[Date "2006.08.25"]
[Round "1"]
[White "Nemeth, Francisc"]
[Black "Bouza Brey Teijeiro, Gonzalo"]
[Result "1-0"]
[WhiteElo "2458"]
[BlackElo "1964"]
[PlyCount "53"]
[EventDate "2006.07.25"]
[EventType "swiss"]
[EventRounds "9"]
[EventCountry "ESP"]
[SourceTitle "CBM 113 Extra"]
[Source "ChessBase"]
[SourceDate "2006.09.14"]
[SourceVersion "1"]
[SourceVersionDate "2006.09.14"]
[SourceQuality "1"]

1. e4 c5 2. Nf3 d6 3. Bc4 e6 4. 0-0 Nf6 5. Re1 Be7 6. c3 Qc7 7. Bf1 0-0 8. d4 cxd4 9. cxd4 d5 10. e5 Ne4 11. Nbd2 f5 12. exf6 Nxf6 13. Ng5 e5 14. dxe5 Ng4 15. Ndf3 Qc5 16. Be3 Nxe3 17. Rxe3 d4 18. Rc1 Qb6 19. Rb3 Qg6 20. Bc4+ Kh8 21. Nf7+ Kg8 22. N3g5 Bxg5 23. Nxg5+ Kh8 24. Nf7+ Kg8 25. Rg3 Qb6 26. Qh5 Be6 27. Ng5 1-0

[Event "Pedrido Memorial"]
[Site "Vilagarcia de Arousa"]
[Date "2006.08.02"]
[Round "9"]
[White "Bouza Brey Teijeiro, Gonzalo"]
[Black "Perez Fungueiro, Manuel Antonio"]
[Result "0-1"]
[WhiteElo "1964"]
[BlackElo "2194"]
[PlyCount "136"]
[EventDate "2006.07.25"]
[EventType "swiss"]
[EventRounds "9"]
[EventCountry "ESP"]
[SourceTitle "CBM 113 Extra"]
[Source "ChessBase"]
[SourceDate "2006.09.14"]
[SourceVersion "1"]
[SourceVersionDate "2006.09.14"]
[SourceQuality "1"]

1. e4 c5 2. Nf3 e6 3. d4 cxd4 4. Nxd4 a6 5. Nc3 Qc7 6. Bd3 Nf6 7. 0-0 Bc5 8. Nb3 Be7 9. f4 d6 10. Be3 Nbd7 11. Qf3 b5 12. a3 Bb7 13. Qg3 0-0 14. Rae1 Rfe8 15. Nd4 Rad8 16. Kh1 g6 17. Nf3 Nc5 18. Bxc5 dxc5 19. e5 Nd5 20. Nxd5 Bxd5 21. Ng5 c4 22. Be4 Qb7 23. Bxd5 Rxd5 24. Ne4 Red8 25. Qh3 Qc6 26. Qh6 Qe8 27. Re3 Qf8 28. Qh3 Rd1 29. Rfe1 R8d4 30. Qf3 Qd8 31. g4 h6 32. f5 Qd5 33. fxg6 fxg6 34. Kg2 Rxe1 35. Rxe1 Qxe5 36. Re2 Qd5 37. h3 Kg7 38. Kg1 Bh4 39. Kg2 e5 40. Kg1 Qf7 41. Kg2 a5 42. Rd2 Qd5 43. Re2 b4 44. axb4 axb4 45. Kg1 Rd1+ 46. Kg2 Qf7 47. Qxf7+ Kxf7 48. Rd2 Rxd2+ 49. Nxd2 c3 50. bxc3 Be1 51. Ne4 Bxc3 52. Nxc3 bxc3 53. Kf3 Kf6 54. h4 h5 55. gxh5 gxh5 56. Ke4 Ke6 57. Kd3 Kf5 58. Kxc3 Kg4 59. Kd3 Kxh4 60. c4 Kg5 61. c5 Kf5 62. c6 Ke6 63. Ke4 h4 64. Kf3 Kd6 65. Kg4 Kxc6 66. Kxh4 Kd5 67. Kg3 Ke4 68. Kf2 Kd3 0-1

[Event "Pedrido op"]
[Site "Pedrido"]
[Date "2004.08.06"]
[Round "4"]
[White "Bouza Brey Teijeiro, Gonzalo"]
[Black "Crevillen Abad, Clemente"]
[Result "1/2-1/2"]
[WhiteElo "2039"]
[BlackElo "2108"]
[PlyCount "50"]
[EventDate "2004.08.??"]
[EventType "swiss"]
[EventRounds "9"]
[EventCountry "ESP"]
[SourceTitle "EXT 2005"]
[Source "ChessBase"]
[SourceDate "2004.11.15"]
[SourceVersion "1"]
[SourceVersionDate "2004.11.15"]
[SourceQuality "1"]

1. d4 Nf6 2. Nf3 e6 3. Bg5 c5 4. e3 Qb6 5. Bd3 Be7 6. Nbd2 cxd4 7. exd4 d5 8. Nb3 h6 9. Bh4 Bd7 10. c3 Bb5 11. Bc2 Nbd7 12. Ne5 Nxe5 13. dxe5 Ne4 14. Bg3 Bc5 15. Bxe4 dxe4 16. Qg4 g5 17. Nxc5 Qxc5 18. Qxe4 Bc6 19. Qd4 Qxd4 20. cxd4 Bxg2 21. Rg1 Bc6 22. Kd2 Rc8 23. Rac1 Kd7 24. Rc3 Bd5 25. Rxc8 Rxc8 1/2-1/2